Welcome to CU Library Online Public Access Catalogue (OPAC)

Operations Management (Record no. 8174)

MARC details
000 -LEADER
fixed length control field 00573nam a22001817a 4500
005 - DATE AND TIME OF LATEST TRANSACTION
control field 20251108161536.0
008 - FIXED-LENGTH DATA ELEMENTS--GENERAL INFORMATION
fixed length control field 251108b |||||||| |||| 00| 0 eng d
020 ## - INTERNATIONAL STANDARD BOOK NUMBER
International Standard Book Number 9781292093864
050 ## - LIBRARY OF CONGRESS CALL NUMBER
Classification number TS155
Item number .K785
100 ## - MAIN ENTRY--PERSONAL NAME
Personal name Krajewski, Lee J.
245 ## - TITLE STATEMENT
Title Operations Management
Remainder of title processes and supply chains
Statement of responsibility, etc. Lee J. Krajewski, Manoj K. Malhotra & Larry P. Ritzman
250 ## - EDITION STATEMENT
Edition statement 11th ed.
Remainder of edition statement global edition
260 ## - PUBLICATION, DISTRIBUTION, ETC.
Place of publication, distribution, etc. Boston
Name of publisher, distributor, etc. Pearson
Date of publication, distribution, etc. 2016
300 ## - PHYSICAL DESCRIPTION
Extent 663p.
Other physical details ill.
Dimensions 27.5cm
700 ## - ADDED ENTRY--PERSONAL NAME
Personal name Malhotra, Manoj K.
700 ## - ADDED ENTRY--PERSONAL NAME
Personal name Ritzman, Larry P.
942 ## - ADDED ENTRY ELEMENTS (KOHA)
Source of classification or shelving scheme Library of Congress Classification
Koha item type Books
Edition 11th ed.
Suppress in OPAC No
999 ## -
-- 8174
-- 8174
Holdings
Withdrawn status Lost status Source of classification or shelving scheme Damaged status Not for loan Collection Home library Current library Shelving location Date acquired Total checkouts Full call number Barcode Date last seen Copy number Price effective from Koha item type
    Library of Congress Classification     Non-fiction Business Library (Miotso) Business Library (Miotso) General stacks 04/24/2026   TS155 .K785 KRA BSSM00003999 04/24/2026 1 04/24/2026 Books
    Library of Congress Classification     Non-fiction Business Library (Miotso) Business Library (Miotso) General stacks 04/24/2026   TS155 .K785 KRA BSSM00004000 04/24/2026 2 04/24/2026 Books
    Library of Congress Classification     Non-fiction Science Library (Miotso) Science Library (Miotso) General stacks 11/08/2025   TS155 .K785 KRA SLM00005653 11/08/2025 1 11/08/2025 Books
© 2023-2024 Copyright: Central University Libraries. All Rights Reserved | Created by: Mahone Tech Office